LEADER 01365nam 2200373Ia 450 001 996396948103316 005 20221108022415.0 035 $a(CKB)4330000000345017 035 $a(EEBO)2248503015 035 $a(OCoLC)11827389 035 $a(EXLCZ)994330000000345017 100 $a19850320d1685 uy | 101 0 $aeng 135 $aurbn||||a|bb| 200 14$aThe providence of God in sudden death ordinary and extraordinary vindicated and improved$b[electronic resource] $ein a funeral sermon for Mrs. Mary Reve, wife to Mr. Nicholas Reve, merchant : first preached to the English Church in Rotterdam, January 14, 1685, and since enlarged /$fby Joseph Hill 210 $aRotterdam $cPrinted by Reinier Leers$d1685 215 $a[4], 52 p 300 $aReproduction of original in Union Theological Seminary Library, New York. 330 $aeebo-0160 606 $aDeath$vSermons 606 $aFuneral sermons 606 $aSermons, English$y17th century 615 0$aDeath 615 0$aFuneral sermons. 615 0$aSermons, English 700 $aHill$b Joseph$f1625-1707.$01003294 801 0$bEAA 801 1$bEAA 801 2$bm/c 801 2$bWaOLN 906 $aBOOK 912 $a996396948103316 996 $aThe providence of God in sudden death ordinary and extraordinary vindicated and improved$92327777 997 $aUNISA LEADER 02592nam 2200649 450 001 9910786628903321 005 20230126213210.0 010 $a1-63400-011-0 035 $a(CKB)3710000000199250 035 $a(EBL)3328242 035 $a(SSID)ssj0001267602 035 $a(PQKBManifestationID)12461587 035 $a(PQKBTitleCode)TC0001267602 035 $a(PQKBWorkID)11263823 035 $a(PQKB)11424477 035 $a(MiAaPQ)EBC3328242 035 $a(Au-PeEL)EBL3328242 035 $a(CaPaEBR)ebr10894591 035 $a(OCoLC)889313852 035 $a(EXLCZ)993710000000199250 100 $a20140724h20142014 uy 0 101 0 $aeng 135 $aur|n|---||||| 181 $ctxt$2rdacontent 182 $cc$2rdamedia 183 $acr$2rdacarrier 200 10$aEphemeral material $equeering the archive /$fAlana Kumbier 210 1$aSacramento, California :$cLitwin Books,$d2014. 210 4$dİ2014 215 $a1 online resource 225 1 $aSeries on Gender and Sexuality in Information Studies ;$vNumber 5 311 $a1-936117-51-7 320 $aIncludes bibliographical references and index. 327 $aSection One. Negotiating archives -- Inventing history : The Watermelon Woman and archive activism -- Haunting archives : memory, disability, and archival spaces in Liebe Perla -- Section Two. Archiving from the ground up -- Archiving drag king communities from the ground up -- The collaborative archive : Aliza Shapiro's datum -- Queer zines and archival pedagogies. 330 $a"Articulates a queer approach to archival studies and archival practice, and establishes the relevance of this approach beyond collections with LGBTQ content"--$cProvided by publisher. 410 0$aSeries on gender and sexuality in information studies ;$vNumber 5. 606 $aArchives$xSocial aspects 606 $aSexual minorities$vArchives 606 $aArchives$xStudy and teaching 606 $aArchives$xManagement 606 $aArchives (LGBTQ)$2homoit$1https://homosaurus.org/v3/homoit0000066 606 $aQueer theory$2homoit$1https://homosaurus.org/v3/homoit0001219 615 0$aArchives$xSocial aspects. 615 0$aSexual minorities 615 0$aArchives$xStudy and teaching. 615 0$aArchives$xManagement. 615 7$aArchives (LGBTQ). 615 7$aQueer theory. 676 $a025 700 $aKumbier$b Alana$01555881 801 0$bMiAaPQ 801 1$bMiAaPQ 801 2$bMiAaPQ 906 $aBOOK 912 $a9910786628903321 996 $aEphemeral material$93818157 997 $aUNINA LEADER 01559nam 2200445 450 001 9910830732403321 005 20231110213735.0 010 $a1-119-81546-0 010 $a1-119-81544-4 035 $a(MiAaPQ)EBC7087557 035 $a(Au-PeEL)EBL7087557 035 $a(CKB)24831714500041 035 $a(EXLCZ)9924831714500041 100 $a20230209d2022 uy 0 101 0 $aeng 135 $aurcnu|||||||| 181 $ctxt$2rdacontent 182 $cc$2rdamedia 183 $acr$2rdacarrier 200 10$aControl of power electronic converters with microgrid applications /$fArindam Ghosh and Firuz Zare 210 1$aHoboken, New Jersey :$cJohn Wiley & Sons, Inc.,$d[2022] 210 4$dİ2022 215 $a1 online resource (538 pages) 225 1 $aIEEE Press Series on Power and Energy Systems 311 08$aPrint version: Ghosh, Arindam Control of Power Electronic Converters with Microgrid Applications Newark : John Wiley & Sons, Incorporated,c2022 9781119815433 410 0$aIEEE Press Series on Power and Energy Systems 606 $aElectric current converters 606 $aMicrogrids (Smart power grids) 615 0$aElectric current converters. 615 0$aMicrogrids (Smart power grids) 676 $a621.3815322 700 $aGhosh$b Arindam$01593263 702 $aZare$b Firuz 801 0$bMiAaPQ 801 1$bMiAaPQ 801 2$bMiAaPQ 906 $aBOOK 912 $a9910830732403321 996 $aControl of power electronic converters with microgrid applications$93913304 997 $aUNINA